000 00543nam a2200193Ia 4500
001 59733
008 160506n ii |||gr||||Z||||||465
020 _a9789350980750
082 _a934
100 _aJha, D N.
245 0 _aAncient India : In Historical Outline
_cBy D N Jha
_hTextual Documents
250 _a3rd enlarged edn--2015.
260 _aNew Delhi
_bManohar Publishers
300 _a238pg:
_bill, index;
_c23cm.
653 _aHistory
653 _aAncient India : In Historical Outline
653 _aMS-History
942 _2ddc
_cBK
999 _c59609
_d59609